[Event "ESP-chT 2nd Division 2019"]
[Site "Linares"]
[Date "2019.08.22"]
[Round "5.29"]
[White "Alvarez Serrano, Carlos"]
[Black "Collado Barbas, Laura"]
[Result "0-1"]
[WhiteElo "2244"]
[BlackElo "2070"]
[Annotator "NA"]
[PlyCount "62"]
[EventDate "2019.08.19"]
[EventType "team-tourn"]
[EventCountry "ESP"]
[SourceTitle "playchess.com"]
[Source "ChessBase"]
[SourceQuality "1"]
[TimeControl "5400+30"]

1. c4 {[%emt 0:00:14]} e6 {[%emt 0:00:00]} 2. g3 {[%emt 0:00:08]} d5 {[%emt 0:00:00]} 3. Bg2 {[%emt 0:00:06]} Nf6 {[%emt 0:07:41]} 4. Nf3 {[%emt 0:00:08]} d4 {[%emt 0:02:41]} 5. O-O {[%emt 0:02:52]} c5 {[%emt 0:00:50]} 6. e3 {[%emt 0:00:01]} Nc6 {[%emt 0:00:32]} 7. exd4 {[%emt 0:00:08]} cxd4 {[%emt 0:00:30]} 8. d3 {[%emt 0:00:05]} Be7 {[%emt 0:00:55]} 9. Re1 {[%emt 0:00:06]} O-O {[%emt 0:00:28]} 10. Na3 {[%emt 0:00:34]} Ne8 {[%emt 0:01:34]} 11. Nc2 {[%emt 0:00:06]} a5 {[%emt 0:03:00]} 12. b3 {[%emt 0:04:29]} f6 {[%emt 0:01:50]} 13. a3 {[%emt 0:00:20]} e5 {[%emt 0:00:49]} 14. Rb1 {[%emt 0:01:43]} Nc7 {[%emt 0:06:00]} 15. b4 {[%emt 0:00:55]} axb4 {[%emt 0:00:19]} 16. axb4 {[%emt 0:00:02]} b5 {[%emt 0:06:19]} 17. Nh4 {[%emt 0:06:46]} Bd7 {[%emt 0:08:49]} 18. Nf5 {[%emt 0:00:49]} Bxf5 {[%emt 0:03:53]} 19. Bxc6 {[%emt 0:00:08]} bxc4 {[%emt 0:02:36]} 20. dxc4 {[%emt 0:06:43]} Ra2 {[%emt 0:12:32]} 21. Be4 {[%emt 0:04:45]} Bxe4 {[%emt 0:01:09]} 22. Rxe4 {[%emt 0:00:01]} d3 {[%emt 0:01:01]} 23. Ne3 {[%emt 0:00:37]} d2 {[%emt 0:02:31]} 24. Bxd2 {[%emt 0:02:04]} Rxd2 {[%emt 0:01:45]} 25. Qb3 {[%emt 0:00:01]} Qd7 {[%emt 0:04:35]} 26. c5+ {[%emt 0:02:44]} Kh8 {[%emt 0:00:46]} 27. Nc4 {[%emt 0:01:30]} Rd3 {[%emt 0:02:00]} 28. Qc2 {[%emt 0:00:32]} Qd5 {[%emt 0:02:44]} 29. Re2 {[%emt 0:00:10]} Nb5 {[%emt 0:01:46]} 30. Ne3 {[%emt 0:00:01]} Qd8 {[%emt 0:01:05]} 31. Nd1 {[%emt 0:01:43]} Na3 {[%emt 0:00:21]} 0-1

[Event "ESP-chT 2nd Division 2019"]
[Site "Linares"]
[Date "2019.08.22"]
[Round "5.30"]
[White "Lopez Paniego, Noel"]
[Black "Jimenez Fernandez, Rebeca"]
[Result "0-1"]
[WhiteElo "2059"]
[BlackElo "1928"]
[Annotator "NA"]
[PlyCount "92"]
[EventDate "2019.08.19"]
[EventType "team-tourn"]
[EventCountry "ESP"]
[SourceTitle "playchess.com"]
[Source "ChessBase"]
[SourceQuality "1"]
[TimeControl "5400+30"]

1. Nf3 {[%emt 0:00:00]} d5 {[%emt 0:00:00]} 2. b3 {[%emt 0:00:00]} Nf6 {[%emt 0:00:00]} 3. Bb2 {[%emt 0:00:00]} g6 {[%emt 0:01:23]} 4. e3 {[%emt 0:00:20]} Bg7 {[%emt 0:00:24]} 5. d4 {[%emt 0:01:56]} Bg4 {[%emt 0:01:46]} 6. h3 {[%emt 0:00:35]} Bxf3 {[%emt 0:00:32]} 7. Qxf3 {[%emt 0:00:04]} O-O {[%emt 0:00:52]} 8. Bd3 {[%emt 0:00:15]} Nbd7 {[%emt 0:01:14]} 9. O-O {[%emt 0:00:38]} c5 {[%emt 0:03:04]} 10. Nd2 {[%emt 0:06:39]} Rc8 {[%emt 0:02:35]} 11. Rfd1 {[%emt 0:09:41]} e6 {[%emt 0:02:48]} 12. Rac1 {[%emt 0:10:47]} Qe7 {[%emt 0:03:03]} 13. Qe2 {[%emt 0:10:27]} e5 {[%emt 0:07:14]} 14. dxe5 {[%emt 0:01:39]} Nxe5 {[%emt 0:01:28]} 15. c4 {[%emt 0:10:03]} Rfd8 {[%emt 0:09:04]} 16. Bb1 {[%emt 0:03:43]} Nc6 {[%emt 0:09:37]} 17. cxd5 {[%emt 0:13:02]} Nxd5 {[%emt 0:01:48]} 18. Ne4 {[%emt 0:02:42]} b6 {[%emt 0:03:56]} 19. Bxg7 {[%emt 0:06:06]} Kxg7 {[%emt 0:00:16]} 20. Qb2+ {[%emt 0:00:17]} Qe5 {[%emt 0:00:45]} 21. Qxe5+ {[%emt 0:08:52]} Nxe5 {[%emt 0:00:08]} 22. Rd2 {[%emt 0:00:16]} Rd7 {[%emt 0:02:59]} 23. Rcd1 {[%emt 0:02:17]} Rcd8 {[%emt 0:00:27]} 24. Ng3 {[%emt 0:07:31]} Nc3 {[%emt 0:01:26]} 25. Rxd7 {[%emt 0:00:43]} Rxd7 {[%emt 0:00:11]} 26. Rc1 {[%emt 0:01:02]} Nxb1 {[%emt 0:01:10]} 27. Rxb1 {[%emt 0:00:01]} Rd2 {[%emt 0:00:12]} 28. a4 {[%emt 0:00:14]} f5 {[%emt 0:00:45]} 29. f4 {[%emt 0:02:21]} Nd3 {[%emt 0:03:06]} 30. Nf1 {[%emt 0:00:10]} Rb2 {[%emt 0:05:41]} 31. Rxb2 {[%emt 0:00:34]} Nxb2 {[%emt 0:00:07]} 32. Nd2 {[%emt 0:00:37]} Kf6 {[%emt 0:01:14]} 33. Kf1 {[%emt 0:01:29]} Ke6 {[%emt 0:00:56]} 34. Ke2 {[%emt 0:00:22]} Kd5 {[%emt 0:01:32]} 35. g4 {[%emt 0:00:37]} c4 {[%emt 0:12:22]} 36. bxc4+ {[%emt 0:00:17]} Nxc4 {[%emt 0:00:09]} 37. gxf5 {[%emt 0:00:46]} gxf5 {[%emt 0:00:12]} 38. Nb3 {[%emt 0:00:09]} Ke4 {[%emt 0:01:09]} 39. Nd4 {[%emt 0:01:32]} Nxe3 {[%emt 0:00:57]} 40. Nb5 {[%emt 0:00:42]} a6 {[%emt 0:03:28]} 41. Nc7 {[%emt 0:00:16]} a5 {[%emt 0:01:45]} 42. Ne6 {[%emt 0:00:20]} Nd5 {[%emt 0:01:25]} 43. Ng5+ {[%emt 0:00:51]} Kxf4 {[%emt 0:00:19]} 44. Nxh7 {[%emt 0:00:05]} Nc3+ {[%emt 0:00:21]} 45. Kf2 {[%emt 0:00:57]} Nxa4 {[%emt 0:00:10]} 46. h4 {[%emt 0:00:03]} Kg4 {[%emt 0:00:26]} 0-1

[Event "ESP-chT 2nd Division 2019"]
[Site "Linares"]
[Date "2019.08.22"]
[Round "5.31"]
[White "Bernabeu Lopez, Carlos Javier"]
[Black "Narciso Dublan, Marc"]
[Result "0-1"]
[WhiteElo "2370"]
[BlackElo "2483"]
[Annotator "ChessBase"]
[PlyCount "92"]
[EventDate "2019.08.19"]
[EventType "team-tourn"]
[EventCountry "ESP"]
[SourceTitle "playchess.com"]
[Source "ChessBase"]
[SourceQuality "1"]
[TimeControl "5400+30"]

1. Nf3 {[%emt 0:00:00]} d5 {[%emt 0:00:15]} 2. g3 {[%emt 0:00:00]} Bg4 {[%emt 0:00:32]} 3. Bg2 {[%emt 0:00:00]} e6 {[%emt 0:00:11]} 4. O-O {[%emt 0:00:17]} Nf6 {[%emt 0:00:12]} 5. c4 {[%emt 0:01:09]} Nbd7 {[%emt 0:00:24]} 6. cxd5 {[%emt 0:04:34]} exd5 {[%emt 0:00:08]} 7. h3 {[%emt 0:00:44]} Bh5 {[%emt 0:03:56]} 8. d4 {[%emt 0:05:32]} c6 {[%emt 0:02:32]} 9. Nc3 {[%emt 0:00:44]} Bd6 {[%emt 0:01:05]} 10. Nh4 {[%emt 0:01:52]} O-O {[%emt 0:03:47]} 11. Nf5 {[%emt 0:03:45]} Bb4 {[%emt 0:04:04]} 12. Bf4 {[%emt 0:19:16]} Nb6 {[%emt 0:09:28]} 13. a3 {[%emt 0:09:17]} Bxc3 {[%emt 0:00:59]} 14. bxc3 {[%emt 0:00:04]} Qd7 {[%emt 0:06:08]} 15. g4 {[%emt 0:04:27]} Bg6 {[%emt 0:00:49]} 16. Ng3 {[%emt 0:01:07]} Ne4 {[%emt 0:08:11]} 17. Bxe4 {[%emt 0:09:30]} dxe4 {[%emt 0:01:18]} 18. e3 {[%emt 0:00:33]} f5 {[%emt 0:05:06]} 19. g5 {[%emt 0:01:24]} Bf7 {[%emt 0:02:41]} 20. Qd2 {[%emt 0:08:48]} Bc4 {[%emt 0:01:42]} 21. Rfd1 {[%emt 0:01:51]} Nd5 {[%emt 0:04:32]} 22. Kh2 {[%emt 0:00:05]} Rae8 {[%emt 0:07:18]} 23. Be5 {[%emt 0:05:06]} g6 {[%emt 0:04:54]} 24. Bf4 {[%emt 0:04:04]} Re6 {[%emt 0:00:43]} 25. Re1 {[%emt 0:00:17]} Qd8 {[%emt 0:02:21]} 26. a4 {[%emt 0:00:56]} Rf7 {[%emt 0:02:09]} 27. h4 {[%emt 0:00:58]} Nxf4 {[%emt 0:03:55]} 28. exf4 {[%emt 0:00:04]} c5 {[%emt 0:01:44]} 29. Qe3 {[%emt 0:01:41]} Rd7 {[%emt 0:01:09]} 30. Red1 {[%emt 0:00:57]} Red6 {[%emt 0:01:01]} 31. h5 {[%emt 0:00:15]} cxd4 {[%emt 0:02:55]} 32. cxd4 {[%emt 0:00:07]} Bd3 {[%emt 0:03:18]} 33. h6 {[%emt 0:02:47]} Rxd4 {[%emt 0:01:53]} 34. Rdc1 {[%emt 0:01:52]} b6 {[%emt 0:08:01]} 35. Rc3 {[%emt 0:03:34]} Ba6 {[%emt 0:00:18]} 36. Qc1 {[%emt 0:01:17]} Rd2 {[%emt 0:01:56]} 37. Qe1 {[%emt 0:03:31]} Rxf2+ {[%emt 0:03:09]} 38. Qxf2 {[%emt 0:02:31]} Rd2 {[%emt 0:00:03]} 39. Ra2 {[%emt 0:01:22]} Rxf2+ {[%emt 0:02:51]} 40. Rxf2 {[%emt 0:00:04]} Bd3 {[%emt 0:01:11]} 41. Ne2 {[%emt 0:02:44]} e3 {[%emt 0:00:47]} 42. Rg2 {[%emt 0:00:05]} Be4 {[%emt 0:00:33]} 43. Rg3 {[%emt 0:01:39]} Qd1 {[%emt 0:00:09]} 44. Rgxe3 {[%emt 0:00:17]} Qh1+ {[%emt 0:00:08]} 45. Kg3 {[%emt 0:00:01]} Qg2+ {[%emt 0:00:06]} 46. Kh4 {[%emt 0:00:03]} Qg4# 0-1

[Event "ESP-chT 2nd Division 2019"]
[Site "Linares"]
[Date "2019.08.22"]
[Round "5.32"]
[White "Bayo Milagro, Alvaro"]
[Black "Blanco Acevedo, Cristobal Jose"]
[Result "0-1"]
[WhiteElo "2284"]
[BlackElo "2342"]
[Annotator "NA"]
[PlyCount "70"]
[EventDate "2019.08.19"]
[EventType "team-tourn"]
[EventCountry "ESP"]
[SourceTitle "playchess.com"]
[Source "ChessBase"]
[SourceQuality "1"]
[TimeControl "5400+30"]

1. d4 {[%emt 0:01:44]} Nf6 {[%emt 0:00:01]} 2. c4 {[%emt 0:00:11]} g6 {[%emt 0:00:04]} 3. Nc3 {[%emt 0:00:40]} Bg7 {[%emt 0:00:05]} 4. e4 {[%emt 0:00:09]} d6 {[%emt 0:00:05]} 5. Bg5 {[%emt 0:01:48]} h6 {[%emt 0:00:28]} 6. Be3 {[%emt 0:00:07]} O-O {[%emt 0:00:23]} 7. h3 {[%emt 0:07:51]} e5 {[%emt 0:00:27]} 8. d5 {[%emt 0:01:36]} Na6 {[%emt 0:00:51]} 9. g4 {[%emt 0:02:13]} Nc5 {[%emt 0:00:06]} 10. Qc2 {[%emt 0:00:28]} c6 {[%emt 0:03:18]} 11. b4 {[%emt 0:02:34]} cxd5 {[%emt 0:00:53]} 12. exd5 {[%emt 0:02:48]} Ncd7 {[%emt 0:01:25]} 13. Rd1 {[%emt 0:15:08]} Qe7 {[%emt 0:07:54]} 14. Nge2 {[%emt 0:02:26]} a5 {[%emt 0:03:43]} 15. a3 {[%emt 0:01:18]} axb4 {[%emt 0:00:15]} 16. axb4 {[%emt 0:00:06]} e4 {[%emt 0:01:19]} 17. Ng3 {[%emt 0:12:02]} Ra3 {[%emt 0:01:59]} 18. Nb5 {[%emt 0:02:39]} Rxe3+ {[%emt 0:05:45]} 19. fxe3 {[%emt 0:00:17]} Ne5 {[%emt 0:00:18]} 20. Be2 {[%emt 0:03:29]} Ne8 {[%emt 0:00:09]} 21. Kd2 {[%emt 0:01:52]} f5 {[%emt 0:01:01]} 22. gxf5 {[%emt 0:00:23]} gxf5 {[%emt 0:00:18]} 23. Rdf1 {[%emt 0:01:05]} f4 {[%emt 0:06:15]} 24. exf4 {[%emt 0:03:07]} Ng6 {[%emt 0:01:00]} 25. Qxe4 {[%emt 0:01:10]} Qf6 {[%emt 0:00:04]} 26. Bd3 {[%emt 0:01:31]} Qb2+ {[%emt 0:02:43]} 27. Ke3 {[%emt 0:00:07]} Nh4 {[%emt 0:00:41]} 28. Qh7+ {[%emt 0:02:21]} Kf7 {[%emt 0:00:01]} 29. Nh5 {[%emt 0:01:20]} Rh8 {[%emt 0:02:02]} 30. Nxd6+ {[%emt 0:03:24]} Kf8 {[%emt 0:00:51]} 31. Qxh8+ {[%emt 0:09:46]} Bxh8 {[%emt 0:00:28]} 32. Nxc8 {[%emt 0:00:03]} Qd4+ {[%emt 0:09:31]} 33. Ke2 {[%emt 0:00:27]} Ng2 {[%emt 0:00:06]} 34. Rf3 {[%emt 0:01:27]} Qb2+ {[%emt 0:00:17]} 35. Kf1 {[%emt 0:00:37]} Nh4 {[%emt 0:02:07]} 0-1

[Event "ESP-chT 2nd Division 2019"]
[Site "Linares"]
[Date "2019.08.22"]
[Round "5.33"]
[White "Castilla Leon Salas, Carlos"]
[Black "Lizuain Toni, Javier"]
[Result "1-0"]
[WhiteElo "2252"]
[BlackElo "1884"]
[Annotator "NA"]
[PlyCount "87"]
[EventDate "2019.08.19"]
[EventType "team-tourn"]
[EventCountry "ESP"]
[SourceTitle "playchess.com"]
[Source "ChessBase"]
[SourceQuality "1"]
[TimeControl "5400+30"]

1. d4 {[%emt 0:01:36]} d6 {[%emt 0:00:00]} 2. c4 {[%emt 0:01:34]} e5 {[%emt 0:00:45]} 3. d5 {[%emt 0:00:23]} f5 {[%emt 0:00:09]} 4. e4 {[%emt 0:00:19]} fxe4 {[%emt 0:01:10]} 5. Nc3 {[%emt 0:00:17]} Nf6 {[%emt 0:00:21]} 6. Nge2 {[%emt 0:00:26]} Bf5 {[%emt 0:01:05]} 7. Ng3 {[%emt 0:00:29]} Bg6 {[%emt 0:00:21]} 8. Bg5 {[%emt 0:03:40]} Nbd7 {[%emt 0:10:04]} 9. Ngxe4 {[%emt 0:05:36]} Be7 {[%emt 0:01:38]} 10. Bxf6 {[%emt 0:03:09]} Bxf6 {[%emt 0:09:19]} 11. Bd3 {[%emt 0:01:12]} O-O {[%emt 0:00:43]} 12. Qg4 {[%emt 0:08:03]} Be7 {[%emt 0:25:04]} 13. O-O-O {[%emt 0:06:47]} Rf4 {[%emt 0:16:34]} 14. Qe2 {[%emt 0:00:29]} Qf8 {[%emt 0:02:41]} 15. Kb1 {[%emt 0:02:43]} Re8 {[%emt 0:01:26]} 16. Qc2 {[%emt 0:02:53]} Nc5 {[%emt 0:08:21]} 17. f3 {[%emt 0:05:24]} Bxe4 {[%emt 0:04:59]} 18. Nxe4 {[%emt 0:02:22]} Nxd3 {[%emt 0:00:42]} 19. Rxd3 {[%emt 0:01:48]} Qf5 {[%emt 0:01:33]} 20. Re1 {[%emt 0:06:41]} Rf8 {[%emt 0:01:22]} 21. Qe2 {[%emt 0:07:01]} Qh5 {[%emt 0:02:15]} 22. h3 {[%emt 0:02:03]} Qf7 {[%emt 0:00:59]} 23. Ra3 {[%emt 0:03:03]} Ra8 {[%emt 0:04:36]} 24. Qe3 {[%emt 0:06:47]} a6 {[%emt 0:01:31]} 25. Qb3 {[%emt 0:01:23]} b6 {[%emt 0:00:55]} 26. Qa4 {[%emt 0:00:20]} Rf8 {[%emt 0:02:22]} 27. Qd7 {[%emt 0:01:12]} Bd8 28. Qxf7+ {[%emt 0:00:23]} Kxf7 {[%emt 0:02:04]} 29. Rxa6 {[%emt 0:00:25]} Ke8 {[%emt 0:00:12]} 30. b4 {[%emt 0:01:09]} Be7 {[%emt 0:00:56]} 31. Re3 {[%emt 0:04:15]} g5 {[%emt 0:00:31]} 32. Ra8+ {[%emt 0:00:52]} Kd7 {[%emt 0:00:12]} 33. Rxf8 {[%emt 0:00:29]} Rxf8 {[%emt 0:00:48]} 34. Kc2 {[%emt 0:04:28]} h5 {[%emt 0:00:35]} 35. Ng3 {[%emt 0:00:46]} Rf4 {[%emt 0:00:39]} 36. Re4 {[%emt 0:00:22]} Rxe4 {[%emt 0:00:37]} 37. fxe4 {[%emt 0:00:39]} h4 {[%emt 0:00:06]} 38. Nf5 {[%emt 0:00:21]} Bf6 {[%emt 0:00:20]} 39. Kd3 {[%emt 0:00:36]} c5 {[%emt 0:00:33]} 40. dxc6+ {[%emt 0:00:47]} Kxc6 {[%emt 0:00:04]} 41. a4 {[%emt 0:00:25]} Bd8 {[%emt 0:00:16]} 42. Ke3 {[%emt 0:00:14]} Kd7 {[%emt 0:00:16]} 43. Kf3 {[%emt 0:00:07]} Ke6 {[%emt 0:00:18]} 44. Kg4 {[%emt 0:00:08] Kd5} 1-0

[Event "ESP-chT 2nd Division 2019"]
[Site "Linares"]
[Date "2019.08.22"]
[Round "5.34"]
[White "Roldan Marques, Marta"]
[Black "Ordonez Torres, Maria Del Carmen"]
[Result "1/2-1/2"]
[WhiteElo "1886"]
[BlackElo "2027"]
[Annotator "NA"]
[PlyCount "252"]
[EventDate "2019.08.19"]
[EventType "team-tourn"]
[EventCountry "ESP"]
[SourceTitle "playchess.com"]
[Source "ChessBase"]
[SourceQuality "1"]
[TimeControl "5400+30"]

1. e4 {[%emt 0:00:00]} e5 {[%emt 0:00:00]} 2. Nf3 {[%emt 0:00:00]} Nc6 {[%emt 0:00:00]} 3. Bc4 {[%emt 0:00:00]} Nf6 {[%emt 0:00:09]} 4. d3 {[%emt 0:00:00]} Be7 {[%emt 0:00:16]} 5. Nc3 {[%emt 0:02:30]} d6 {[%emt 0:00:15]} 6. h3 {[%emt 0:01:00]} Na5 {[%emt 0:00:17]} 7. Bb5+ {[%emt 0:01:53]} c6 {[%emt 0:00:50]} 8. Ba4 {[%emt 0:00:05]} b5 {[%emt 0:01:07]} 9. Bb3 {[%emt 0:00:04]} O-O {[%emt 0:01:06]} 10. Be3 {[%emt 0:04:53]} a6 {[%emt 0:01:36]} 11. Ne2 {[%emt 0:04:38]} h6 {[%emt 0:02:46]} 12. Ng3 {[%emt 0:05:00]} Re8 {[%emt 0:01:40]} 13. Qd2 {[%emt 0:04:06]} Bf8 {[%emt 0:01:21]} 14. O-O {[%emt 0:07:50]} Nxb3 {[%emt 0:01:37]} 15. axb3 {[%emt 0:00:04]} d5 {[%emt 0:01:00]} 16. exd5 {[%emt 0:07:03]} Nxd5 {[%emt 0:02:26]} 17. d4 {[%emt 0:08:36]} Nxe3 {[%emt 0:03:21]} 18. Qxe3 {[%emt 0:06:14]} exd4 {[%emt 0:01:51]} 19. Qxd4 {[%emt 0:00:40]} c5 {[%emt 0:04:33]} 20. Qxd8 {[%emt 0:11:06]} Rxd8 {[%emt 0:00:07]} 21. Rad1 {[%emt 0:00:01]} Be6 {[%emt 0:03:54]} 22. Ne5 {[%emt 0:05:20]} Rac8 {[%emt 0:02:39]} 23. Ng4 {[%emt 0:07:21]} c4 {[%emt 0:04:41]} 24. bxc4 {[%emt 0:03:10]} Bxc4 {[%emt 0:03:07]} 25. Rfe1 {[%emt 0:00:04]} Be6 {[%emt 0:00:51]} 26. c3 {[%emt 0:01:23]} a5 {[%emt 0:03:06]} 27. Ne2 {[%emt 0:04:31]} Bc4 {[%emt 0:09:24]} 28. Rxd8 {[%emt 0:01:51]} Rxd8 {[%emt 0:00:02]} 29. Nd4 {[%emt 0:00:01]} Bc5 {[%emt 0:08:55]} 30. Nc6 {[%emt 0:02:59]} Rd2 {[%emt 0:05:57]} 31. Nxa5 {[%emt 0:00:10]} Be6 {[%emt 0:05:20]} 32. Ne3 {[%emt 0:02:07]} Rxb2 {[%emt 0:02:52]} 33. Nc6 {[%emt 0:02:21]} Rb3 34. Nd4 Bxd4 {[%emt 0:08:41]} 35. cxd4 {[%emt 0:00:21]} Kf8 {[%emt 0:06:13]} 36. Kf1 {[%emt 0:02:04]} b4 {[%emt 0:03:56]} 37. f3 {[%emt 0:03:34]} Rd3 {[%emt 0:00:54]} 38. d5 {[%emt 0:01:57]} Bxd5 {[%emt 0:00:08]} 39. Nxd5 {[%emt 0:00:04]} Rxd5 {[%emt 0:00:30]} 40. Rb1 {[%emt 0:00:15]} Rd4 {[%emt 0:01:51]} 41. Ke2 {[%emt 0:00:25]} Ke7 {[%emt 0:00:29]} 42. Ke3 {[%emt 0:00:07]} Rc4 {[%emt 0:00:18]} 43. Kd3 {[%emt 0:01:40]} Rh4 44. g4 Rxh3 {[%emt 0:02:26]} 45. Ke3 {[%emt 0:00:32]} Kf6 {[%emt 0:01:15]} 46. Rxb4 {[%emt 0:00:05]} Kg6 {[%emt 0:00:56]} 47. Rb6+ {[%emt 0:00:53]} f6 {[%emt 0:00:13]} 48. Kf4 {[%emt 0:00:36]} Rh1 {[%emt 0:00:15]} 49. Rb7 {[%emt 0:00:38]} Ra1 {[%emt 0:00:33]} 50. Rc7 {[%emt 0:00:55]} Ra5 {[%emt 0:00:41]} 51. Rc6 {[%emt 0:00:41]} h5 {[%emt 0:00:40]} 52. gxh5+ {[%emt 0:00:05]} Kxh5 {[%emt 0:01:23]} 53. Rc7 {[%emt 0:00:43]} Kg6 {[%emt 0:00:25]} 54. Rb7 {[%emt 0:00:20]} Ra4+ {[%emt 0:00:13]} 55. Kg3 {[%emt 0:00:06]} Kh6 {[%emt 0:00:11]} 56. Rf7 {[%emt 0:00:27]} Rb4 {[%emt 0:00:30]} 57. Kh3 {[%emt 0:00:34]} Kg6 {[%emt 0:00:41]} 58. Ra7 {[%emt 0:00:07]} Rb1 {[%emt 0:01:36]} 59. Kg3 {[%emt 0:00:29]} Kh6 {[%emt 0:00:18]} 60. Rf7 {[%emt 0:00:10]} Rb4 {[%emt 0:00:13]} 61. Kh3 {[%emt 0:00:13]} Rb6 {[%emt 0:00:45]} 62. Kg4 {[%emt 0:01:06]} g6 {[%emt 0:00:49]} 63. Ra7 {[%emt 0:00:25]} Rb4+ {[%emt 0:01:17]} 64. Kg3 {[%emt 0:00:20]} Kg5 {[%emt 0:00:19]} 65. Ra5+ {[%emt 0:00:13]} f5 {[%emt 0:00:11]} 66. Rc5 {[%emt 0:00:22]} Kh5 {[%emt 0:02:11]} 67. Ra5 {[%emt 0:00:19]} Kh6 {[%emt 0:01:02]} 68. Rc5 {[%emt 0:00:12]} Rd4 {[%emt 0:00:28]} 69. Ra5 {[%emt 0:00:21]} Kg5 {[%emt 0:00:04]} 70. Rb5 {[%emt 0:00:27]} Rd6 {[%emt 0:00:18]} 71. Ra5 {[%emt 0:00:16]} Rd1 {[%emt 0:01:09]} 72. Rb5 {[%emt 0:00:18]} Rg1+ {[%emt 0:01:05]} 73. Kf2 {[%emt 0:00:16]} Rc1 {[%emt 0:00:25]} 74. Kg3 {[%emt 0:00:05]} Re1 {[%emt 0:00:14]} 75. Ra5 {[%emt 0:00:11]} Kf6 {[%emt 0:00:24]} 76. Rb5 {[%emt 0:00:58]} g5 {[%emt 0:00:25]} 77. Ra5 {[%emt 0:00:33]} f4+ {[%emt 0:00:28]} 78. Kf2 {[%emt 0:00:13]} Re6 {[%emt 0:01:06]} 79. Rb5 {[%emt 0:01:31]} Kg6 {[%emt 0:00:12]} 80. Rb1 {[%emt 0:00:32]} Rc6 {[%emt 0:00:12]} 81. Rb8 {[%emt 0:01:37]} Rc2+ {[%emt 0:00:17]} 82. Kf1 {[%emt 0:00:17]} Rc7 {[%emt 0:00:51]} 83. Rb2 {[%emt 0:00:26]} Rc3 {[%emt 0:00:36]} 84. Kg2 {[%emt 0:00:39]} Rc6 {[%emt 0:02:05]} 85. Rb8 {[%emt 0:02:07]} Rc2+ {[%emt 0:00:47]} 86. Kf1 {[%emt 0:00:21]} Rc6 {[%emt 0:00:26]} 87. Kg2 {[%emt 0:00:04]} Re6 {[%emt 0:00:10]} 88. Ra8 {[%emt 0:00:25]} Re7 {[%emt 0:00:42]} 89. Rb8 {[%emt 0:00:33]} Rg7 {[%emt 0:00:23]} 90. Rf8 {[%emt 0:00:57]} Rh7 {[%emt 0:00:14]} 91. Ra8 {[%emt 0:00:11]} Kh5 {[%emt 0:00:30]} 92. Rg8 {[%emt 0:00:15]} Rh6 {[%emt 0:00:29]} 93. Rg7 {[%emt 0:00:14]} Rh8 {[%emt 0:00:19]} 94. Kf2 {[%emt 0:00:29]} Rb8 {[%emt 0:00:38]} 95. Rh7+ {[%emt 0:00:06]} Kg6 96. Ra7 {[%emt 0:00:07]} Rb2+ {[%emt 0:00:10]} 97. Kf1 {[%emt 0:00:17]} Rc2 {[%emt 0:00:17]} 98. Ra8 {[%emt 0:00:20]} Rc6 {[%emt 0:00:30]} 99. Kg2 {[%emt 0:00:07]} Kh5 {[%emt 0:00:43]} 100. Rh8+ {[%emt 0:00:05]} Rh6 {[%emt 0:00:52]} 101. Rg8 {[%emt 0:00:03]} Rh7 {[%emt 0:00:27]} 102. Kf2 {[%emt 0:00:04]} Rh6 {[%emt 0:01:08]} 103. Rg7 {[%emt 0:00:06]} Rb6 {[%emt 0:00:48]} 104. Rh7+ {[%emt 0:00:10]} Kg6 {[%emt 0:00:15]} 105. Ra7 {[%emt 0:00:07]} Re6 {[%emt 0:00:16]} 106. Ra8 {[%emt 0:00:09]} Kf5 {[%emt 0:00:13]} 107. Ra5+ {[%emt 0:01:14]} Kg6 {[%emt 0:00:52]} 108. Ra8 {[%emt 0:00:04]} Re3 {[%emt 0:00:51]} 109. Rb8 {[%emt 0:00:47]} Re7 {[%emt 0:00:25]} 110. Ra8 {[%emt 0:00:10]} Rg7 {[%emt 0:00:13]} 111. Rb8 {[%emt 0:00:32]} Rh7 {[%emt 0:00:54]} 112. Kg2 {[%emt 0:00:05]} Rh4 {[%emt 0:00:41]} 113. Rg8+ {[%emt 0:00:54]} Kf6 {[%emt 0:00:03]} 114. Rf8+ {[%emt 0:00:17]} Kg7 {[%emt 0:00:19]} 115. Rf5 {[%emt 0:00:21]} Rh5 {[%emt 0:00:31]} 116. Ra5 {[%emt 0:00:22]} Rh6 {[%emt 0:00:47]} 117. Ra7+ {[%emt 0:00:41]} Kg6 {[%emt 0:00:21]} 118. Ra8 {[%emt 0:00:04]} Rh7 {[%emt 0:00:15]} 119. Rb8 {[%emt 0:00:18]} Rf7 {[%emt 0:00:23]} 120. Ra8 {[%emt 0:00:09]} Re7 {[%emt 0:00:22]} 121. Kf2 {[%emt 0:00:12]} Kf5 {[%emt 0:00:24]} 122. Rf8+ {[%emt 0:00:53]} Ke6 {[%emt 0:00:20]} 123. Rg8 {[%emt 0:00:09]} Kf6 {[%emt 0:00:09]} 124. Rf8+ {[%emt 0:00:17]} Rf7 {[%emt 0:00:18]} 125. Ra8 {[%emt 0:00:05]} Re7 {[%emt 0:00:20]} 126. Rf8+ {[%emt 0:00:17]} Ke5 1/2-1/2

[Event "ESP-chT 2nd Division 2019"]
[Site "Linares"]
[Date "2019.08.22"]
[Round "5.35"]
[White "Jimenez De La Torre, Jose A."]
[Black "Beaumont Arizaleta, Mikel"]
[Result "1-0"]
[WhiteElo "1978"]
[BlackElo "1754"]
[Annotator "NA"]
[PlyCount "43"]
[EventDate "2019.08.19"]
[EventType "team-tourn"]
[EventCountry "ESP"]
[SourceTitle "playchess.com"]
[Source "ChessBase"]
[SourceQuality "1"]
[TimeControl "5400+30"]

1. e4 {[%emt 0:00:00]} e6 {[%emt 0:00:00]} 2. Nf3 {[%emt 0:00:37]} d5 {[%emt 0:00:43]} 3. Nc3 {[%emt 0:00:18]} Nf6 {[%emt 0:00:18]} 4. e5 {[%emt 0:01:10]} Nfd7 {[%emt 0:00:05]} 5. d4 {[%emt 0:00:16]} c5 {[%emt 0:02:15]} 6. Bg5 {[%emt 0:00:48]} Qb6 {[%emt 0:02:40]} 7. dxc5 {[%emt 0:02:13]} Bxc5 {[%emt 0:00:48]} 8. Qd2 {[%emt 0:00:28]} Bxf2+ {[%emt 0:08:13]} 9. Qxf2 {[%emt 0:00:44]} Qxb2 {[%emt 0:00:07]} 10. Kd2 {[%emt 0:00:35]} Qxa1 {[%emt 0:01:43]} 11. Bb5 {[%emt 0:00:08]} Qxh1 {[%emt 0:04:29]} 12. Qc5 {[%emt 0:00:07]} Qxg2+ {[%emt 0:02:30]} 13. Kc1 {[%emt 0:01:34]} Qxg5+ {[%emt 0:04:13]} 14. Nxg5 {[%emt 0:00:11]} Nc6 {[%emt 0:07:49]} 15. Bxc6 {[%emt 0:02:35]} bxc6 {[%emt 0:00:02]} 16. Qxc6 {[%emt 0:00:09]} Rb8 {[%emt 0:04:23]} 17. Nxd5 {[%emt 0:03:45]} O-O {[%emt 0:09:28]} 18. Ne7+ {[%emt 0:06:04]} Kh8 {[%emt 0:00:04]} 19. Nxc8 {[%emt 0:24:14]} Nxe5 {[%emt 0:05:38]} 20. Qe4 {[%emt 0:00:48]} Ng6 {[%emt 0:09:19]} 21. Ne7 {[%emt 0:04:42]} Rb6 {[%emt 0:08:29]} 22. Qa8 {[%emt 0:04:22]} 1-0